Voda pre zničenú tatranskú prírodu

Podrobná bibliografia
Ďalší autori: Hoholíková, Tatiana, 1953- (Fotograf)
Médium: Článok
Jazyk:slovenčina
Fyzický popis:Fotogr.
ISSN:1335-6828
Predmet:

MARC

LEADER 00000nab a2200000 ar4500
001 vtls008630572
003 SK-MaSNL
005 20260304033908.0
008 180907c2005 xo br|p|||||||000 b|slo
015 |a SNBRB2006/03 
038 |a PPPKCL 
040 |a PPPKCLb slo  |c PPPK  |e AACR2 
041 |a slo 
044 |a xo  |c SK 
080 |a 630  |x (437.67)  |2 1997 
080 |a 631.432.2  |2 1997 
080 |a 556.142  |2 1997 
080 |a 556.3  |2 1997 
245 0 0 |a Voda pre zničenú tatranskú prírodu  |c [autor] (nt) ; snímky T. Hoholíková 
300 |b Fotogr. 
610 2 7 |a Vodný les (projekt)  |2 pppkcl  |9 1236809 
650 0 7 |a lesy  |2 pppkcl  |9 1437 
650 0 7 |a obnova lesa  |2 pppkcl  |9 100062 
650 0 7 |a lesné ekosystémy  |2 pppkcl  |9 1436 
650 0 7 |a pôdna vlhkosť  |2 pppkcl  |9 70261 
651 7 |a Vysoké Tatry (Poľsko a Slovensko : pohorie)  |2 SNKPHgeo  |9 67729 
651 7 |a Tatranský národný park (Slovensko)  |2 pppkcl  |9 106968 
700 1 |a Hoholíková, Tatiana,  |d 1953-  |4 pht  |9 107834 
773 0 |t Tatry  |g Roč. XLIV, č. 5 (2005), s. 11  |x 1335-6828 
852 |a PPPK  |b KIS3GCP 
999 |c 2650296  |d 2652226